[Event "Cesme op-A 11th"]
[Site "Izmir"]
[Date "2025.06.25"]
[Round "4"]
[White "Bhagat, Kush"]
[Black "Atis, Hasan"]
[Result "1-0"]
[WhiteElo "2276"]
[BlackElo "2089"]
[PlyCount "129"]
[EventDate "2025.06.23"]
[EventType "swiss"]
[EventRounds "9"]
[EventCountry "TUR"]
[SourceTitle "CB27_2025"]
[SourceDate "2025.07.02"]
[SourceVersion "1"]
[SourceVersionDate "2025.07.02"]
[SourceQuality "1"]

1. e4 c5 2. Nf3 e6 3. b3 b6 4. d4 cxd4 5. Nxd4 Bb7 6. Nd2 a6 7. Bb2 Qc7 8. N4f3 Nf6 9. Bd3 Nc6 10. a3 Be7 11. 0-0 d6 12. Re1 Ne5 13. Nxe5 dxe5 14. Nc4 Nd7 15. Qh5 Bf6 16. Ne3 h6 17. Rad1 g6 18. Qh3 h5 19. Qf3 Be7 20. Qe2 Bg5 21. a4 0-0 22. g3 Rfd8 23. Nc4 Be7 24. Nd2 Nc5 25. Nc4 f6 26. g4 hxg4 27. Qxg4 Kf7 28. Qf3 Nd7 29. Bf1 Kg7 30. Qg3 b5 31. Rxd7 Qxd7 32. Nxe5 Qe8 33. Ng4 Qf7 34. Re3 bxa4 35. bxa4 e5 36. f4 Qa2 37. Bc3 Rac8 38. fxe5 Rxc3 39. Rxc3 Qf7 40. Rc7 Rd7 41. exf6+ Bxf6 42. Rxd7 Qxd7 43. Nxf6 Kxf6 44. Bd3 Kg7 45. Qe5+ Kh7 46. Qf4 Qd4+ 47. Kg2 Qd7 48. a5 Kg7 49. Kg3 Bc8 50. e5 Qd8 51. h4 Qe7 52. Qg5 Qe6 53. h5 Qh3+ 54. Kf4 Qh2+ 55. Ke3 Qh3+ 56. Kd2 Qxh5 57. Qe7+ Kh6 58. Qf8+ Kh7 59. Qxc8 Qh2+ 60. Kc1 Qf4+ 61. Kd1 Qf3+ 62. Be2 Qd5+ 63. Kc1 Qxa5 64. Qd7+ Kh6 65. Qd2+ 1-0

[Event "Titled Tuesday intern op 20th May Late"]
[Site "Chess.com INT"]
[Date "2025.05.20"]
[Round "4"]
[White "Atis, Hasan"]
[Black "Romero Ruscalleda, Josep"]
[Result "1-0"]
[WhiteElo "2089"]
[BlackElo "2110"]
[PlyCount "111"]
[EventDate "2025.05.20"]
[EventType "swiss (blitz)"]
[EventRounds "11"]
[EventCountry "USA"]
[SourceTitle "CB22_2025"]
[SourceDate "2025.05.28"]
[SourceVersion "1"]
[SourceVersionDate "2025.05.28"]
[SourceQuality "1"]

1. e4 g6 2. d4 Bg7 3. Nc3 d6 4. Nf3 a6 5. a4 Nc6 6. Bc4 Nf6 7. h3 0-0 8. 0-0 e5 9. Be3 exd4 10. Nxd4 Bd7 11. Re1 Nxd4 12. Bxd4 Bc6 13. f3 Nh5 14. Bb3 Qg5 15. Bxg7 Kxg7 16. Qd4+ Kg8 17. Kh2 Qg3+ 18. Kg1 Nf4 19. Qd2 Nxh3+ 20. Kf1 Qh2 21. Qe3 Qh1+ 22. Ke2 Qxg2+ 23. Kd3 Nf2+ 24. Kc4 Nh3 25. Rh1 b5+ 26. axb5 axb5+ 27. Kb4 Rxa1 28. Rxa1 Qg3 29. Ra7 Rc8 30. Ne2 Qg5 31. f4 Qh4 32. Qc3 Qf2 33. Qxc6 Qxa7 34. Bxf7+ Kf8 35. Bb3 Ra8 36. Kc3 Qe3+ 37. Kb4 Qa7 38. Kc3 Re8 39. Qd7 Qe3+ 40. Kb4 Qxe4+ 41. c4 Re7 42. Qc8+ Kg7 43. Nc3 c5+ 44. Kxb5 Qb7+ 45. Qxb7 Rxb7+ 46. Ka4 Rb4+ 47. Ka3 Nxf4 48. Ne4 Rb6 49. Ba4 Nd3 50. Bb5 Nxb2 51. Kxb2 h5 52. Nc3 h4 53. Nd5 Rb8 54. Nf4 g5 55. Nh3 g4 56. Nf4 1-0

[Event "Titled Tuesday intern op 06th May Early"]
[Site "Chess.com INT"]
[Date "2025.05.06"]
[Round "9"]
[White "Manvelyan, Mikayel"]
[Black "Atis, Hasan"]
[Result "1-0"]
[WhiteElo "2362"]
[BlackElo "2089"]
[PlyCount "57"]
[EventDate "2025.05.06"]
[EventType "swiss (blitz)"]
[EventRounds "11"]
[EventCountry "USA"]
[SourceTitle "CB20_2025"]
[SourceDate "2025.05.14"]
[SourceVersion "1"]
[SourceVersionDate "2025.05.14"]
[SourceQuality "1"]

1. e4 c5 2. Nf3 e6 3. d4 cxd4 4. Nxd4 Nc6 5. Nc3 Qc7 6. Ndb5 Qb8 7. g3 a6 8. Nd4 Nf6 9. Bg2 h5 10. 0-0 Bc5 11. Bf4 e5 12. Nb3 exf4 13. Nxc5 fxg3 14. fxg3 Ng4 15. Qd5 Nce5 16. Qd4 h4 17. Nd5 d6 18. Nd3 hxg3 19. hxg3 Be6 20. N3f4 0-0 21. Bh3 Qd8 22. Kg2 Qg5 23. Nxe6 fxe6 24. Nf4 Rae8 25. Rae1 Nf7 26. Qd1 Nfh6 27. Qxd6 Rf6 28. e5 Rf5 29. Qd4 1-0

[Event "Titled Tuesday intern op 06th May Early"]
[Site "Chess.com INT"]
[Date "2025.05.06"]
[Round "5"]
[White "Pavlidou, Ekaterini"]
[Black "Atis, Hasan"]
[Result "0-1"]
[WhiteElo "2198"]
[BlackElo "2089"]
[PlyCount "89"]
[EventDate "2025.05.06"]
[EventType "swiss (blitz)"]
[EventRounds "11"]
[EventCountry "USA"]
[SourceTitle "CB20_2025"]
[SourceDate "2025.05.14"]
[SourceVersion "1"]
[SourceVersionDate "2025.05.14"]
[SourceQuality "1"]

1. d4 d5 2. c4 c6 3. cxd5 cxd5 4. Bf4 Nf6 5. Nc3 a6 6. e3 Nc6 7. Bd3 Bg4 8. Nge2 Rc8 9. h3 Bh5 10. a3 e6 11. Rc1 Be7 12. 0-0 0-0 13. g4 Bg6 14. Bg3 Na5 15. Nf4 Bxd3 16. Nxd3 Nc4 17. Qe2 Qb6 18. Na4 Qb3 19. Nac5 Qb5 20. a4 Qb6 21. b3 Nd6 22. g5 Nfe4 23. Nd7 Nxg3 24. fxg3 Qa5 25. b4 Qxa4 26. Nxf8 Rxf8 27. Nc5 Qxb4 28. Rb1 Qa3 29. Rb3 Qa5 30. Nxb7 Nxb7 31. Rxb7 Bxg5 32. h4 Bh6 33. g4 g6 34. g5 Bg7 35. Ra7 e5 36. Rxa6 Qb4 37. dxe5 Qxh4 38. Qg2 Bxe5 39. Ra7 d4 40. e4 d3 41. Rd7 Bb8 42. Rxd3 Ba7+ 43. Rf2 Rb8 44. Rd1 Rb2 45. Rdf1 0-1

[Event "Titled Tuesday intern op 01st Apr Early"]
[Site "Chess.com INT"]
[Date "2025.04.01"]
[Round "2"]
[White "Ardila, Oscar Humberto"]
[Black "Atis, Hasan"]
[Result "0-1"]
[WhiteElo "1973"]
[BlackElo "2088"]
[PlyCount "76"]
[EventDate "2025.04.01"]
[EventType "swiss (blitz)"]
[EventRounds "11"]
[EventCountry "USA"]
[SourceTitle "CB15_2025"]
[SourceDate "2025.04.09"]
[SourceVersion "1"]
[SourceVersionDate "2025.04.09"]
[SourceQuality "1"]

1. d4 d5 2. c4 e6 3. Nc3 Nf6 4. Bg5 c6 5. e3 Nbd7 6. Nf3 Qa5 7. Bxf6 Nxf6 8. Qc2 Bb4 9. Nd2 c5 10. Nb3 Bxc3+ 11. bxc3 Qc7 12. cxd5 c4 13. Nd2 exd5 14. Be2 Be6 15. 0-0 0-0 16. Rab1 b6 17. Bf3 Rac8 18. g3 h6 19. Bg2 Rfe8 20. Rfe1 Qd7 21. Rb2 Bf5 22. Qc1 Re7 23. Nf3 Rce8 24. Ne5 Qc8 25. Qd1 Bh3 26. Bf3 Be6 27. Qa4 g5 28. Nc6 Rc7 29. Ne5 Kg7 30. Bg2 Bf5 31. f4 Be4 32. Qd1 Bxg2 33. Kxg2 Ne4 34. Qc1 f6 35. Nf3 Rce7 36. Rbe2 Qg4 37. Qc2 Nd6 38. Qd2 Nf5 0-1

[Event "Titled Tuesday intern op 01st Apr Early"]
[Site "Chess.com INT"]
[Date "2025.04.01"]
[Round "4"]
[White "Atis, Hasan"]
[Black "Nersisyan, Garnik"]
[Result "1-0"]
[WhiteElo "2088"]
[BlackElo "2035"]
[PlyCount "69"]
[EventDate "2025.04.01"]
[EventType "swiss (blitz)"]
[EventRounds "11"]
[EventCountry "USA"]
[SourceTitle "CB15_2025"]
[SourceDate "2025.04.09"]
[SourceVersion "1"]
[SourceVersionDate "2025.04.09"]
[SourceQuality "1"]

1. e4 e5 2. Nf3 d6 3. d4 Nc6 4. dxe5 Nxe5 5. Nxe5 dxe5 6. Qxd8+ Kxd8 7. Bc4 Ke7 8. Be3 Be6 9. Bd3 f6 10. Nc3 c6 11. 0-0-0 b6 12. Ba6 Rd8 13. a4 Nh6 14. f3 g6 15. a5 bxa5 16. Rxd8 Kxd8 17. Bxa7 Kc7 18. Na4 Be7 19. Bb6+ Kb8 20. Rd1 Nf7 21. Bxa5 Ka7 22. Be2 Rb8 23. b3 Ba3+ 24. Kd2 Bb4+ 25. Bxb4 Rxb4 26. Kc3 Rb8 27. Nc5 Bc8 28. b4 Kb6 29. Bc4 Nh6 30. Rd8 Kc7 31. Rh8 Kd6 32. Rxh7 Ng8 33. Bxg8 Bh3 34. gxh3 Rd8 35. Nb7# 1-0

[Event "Titled Tuesday intern op 01st Apr Late"]
[Site "Chess.com INT"]
[Date "2025.04.01"]
[Round "3"]
[White "Clawitter, Craig"]
[Black "Atis, Hasan"]
[Result "0-1"]
[WhiteElo "2050"]
[BlackElo "2089"]
[PlyCount "76"]
[EventDate "2025.04.01"]
[EventType "swiss (blitz)"]
[EventRounds "11"]
[EventCountry "USA"]
[SourceTitle "CB21_2025"]
[SourceDate "2025.05.21"]
[SourceVersion "1"]
[SourceVersionDate "2025.05.21"]
[SourceQuality "1"]

1. e4 c5 2. Nf3 e6 3. d4 cxd4 4. Nxd4 Nc6 5. Nc3 Qc7 6. Be3 a6 7. Qd2 Nf6 8. 0-0-0 Bb4 9. f3 d5 10. a3 Ba5 11. Nb3 Bxc3 12. Qxc3 0-0 13. Bd4 e5 14. Bc5 d4 15. Qe1 Re8 16. g4 Be6 17. Kb1 b6 18. Bb4 Rec8 19. Bd3 a5 20. Bd2 Nd7 21. Qg3 b5 22. f4 a4 23. Nc1 Nc5 24. f5 Bc4 25. f6 g6 26. Qh3 Qd8 27. Rhf1 Ne6 28. Ne2 Bxd3 29. cxd3 b4 30. axb4 Rcb8 31. Ng3 Nxb4 32. Bxb4 Rxb4 33. Nf5 a3 34. Rf2 Rxb2+ 35. Rxb2 axb2 36. Kxb2 Qb6+ 37. Kc2 Ra2+ 38. Kc1 Qb2# 0-1

[Event "Titled Tuesday intern op 18th Mar Late"]
[Site "Chess.com INT"]
[Date "2025.03.18"]
[Round "1"]
[White "Petersson, Kjell"]
[Black "Atis, Hasan"]
[Result "0-1"]
[WhiteElo "2066"]
[BlackElo "2088"]
[PlyCount "66"]
[EventDate "2025.03.18"]
[EventType "swiss (blitz)"]
[EventRounds "11"]
[EventCountry "USA"]
[SourceTitle "CB13_2025"]
[SourceDate "2025.03.26"]
[SourceVersion "1"]
[SourceVersionDate "2025.03.26"]
[SourceQuality "1"]

1. d4 Nf6 2. Bf4 d5 3. e3 c5 4. Nd2 cxd4 5. exd4 Nc6 6. c3 Bf5 7. Ngf3 e6 8. Nh4 Bg6 9. Nxg6 hxg6 10. Bd3 Bd6 11. Bxd6 Qxd6 12. h3 0-0-0 13. Nf3 Nd7 14. b4 Ne7 15. Qe2 Nf5 16. a4 Kb8 17. b5 Rc8 18. Qd2 f6 19. 0-0 g5 20. Nh2 Nh4 21. a5 Qf4 22. Qe2 Qd6 23. b6 axb6 24. axb6 Nxb6 25. Rfb1 Rxc3 26. Ra2 Rhc8 27. Bc2 R8c7 28. Rab2 Nc4 29. Rb3 Na3 30. Rxc3 Rxc3 31. Ba4 Nxb1 32. Qb2 Qa3 33. Qxa3 Nxa3 0-1

[Event "Titled Tuesday intern op 18th Mar Late"]
[Site "Chess.com INT"]
[Date "2025.03.18"]
[Round "4"]
[White "Zlatkov, Anton"]
[Black "Atis, Hasan"]
[Result "1-0"]
[WhiteElo "2321"]
[BlackElo "2088"]
[PlyCount "91"]
[EventDate "2025.03.18"]
[EventType "swiss (blitz)"]
[EventRounds "11"]
[EventCountry "USA"]
[SourceTitle "CB13_2025"]
[SourceDate "2025.03.26"]
[SourceVersion "1"]
[SourceVersionDate "2025.03.26"]
[SourceQuality "1"]

1. Nf3 d5 2. g3 g6 3. Bg2 Bg7 4. d4 Nf6 5. 0-0 0-0 6. c4 c6 7. a4 a5 8. cxd5 cxd5 9. Qb3 Nc6 10. Nc3 Nb4 11. Nb5 Bf5 12. Bd2 Bc2 13. Qa3 Nc6 14. Rac1 Be4 15. Rfd1 e6 16. Bf4 Ne8 17. Ne5 Bxg2 18. Kxg2 Rc8 19. Nxc6 Rxc6 20. Be5 Bxe5 21. dxe5 Qb8 22. Qe3 Nc7 23. Nd6 Na6 24. h4 Nb4 25. h5 Qc7 26. Qf4 Qe7 27. hxg6 fxg6 28. Qg4 Kg7 29. f4 Qd7 30. Rh1 Kg8 31. Qg5 Nc2 32. Kf2 Nd4 33. Rxc6 bxc6 34. g4 c5 35. e3 Nb3 36. Kg3 c4 37. f5 exf5 38. gxf5 Kg7 39. Qh6+ Kg8 40. fxg6 Qg7 41. Qxh7+ Qxh7 42. Rxh7 Nd2 43. Ra7 Rf3+ 44. Kg4 Rxe3 45. Nf5 Rxe5 46. Ra8+ 1-0

[Event "Titled Tuesday intern op 11th Mar Late"]
[Site "Chess.com INT"]
[Date "2025.03.11"]
[Round "5"]
[White "Atis, Hasan"]
[Black "Oro, Faustino"]
[Result "0-1"]
[WhiteElo "2088"]
[BlackElo "2427"]
[PlyCount "84"]
[EventDate "2025.03.11"]
[EventType "swiss (blitz)"]
[EventRounds "11"]
[EventCountry "USA"]
[SourceTitle "CB12_2025"]
[SourceDate "2025.03.19"]
[SourceVersion "1"]
[SourceVersionDate "2025.03.19"]
[SourceQuality "1"]

1. e4 e5 2. Nf3 Nc6 3. Bb5 a6 4. Ba4 Nf6 5. 0-0 Nxe4 6. d4 Be7 7. Re1 b5 8. Bb3 d5 9. dxe5 Be6 10. c3 0-0 11. Qe2 Qc8 12. Nbd2 Nc5 13. Bc2 Bf5 14. Nb3 Re8 15. Be3 Bxc2 16. Qxc2 Ne6 17. Rad1 Rd8 18. g3 Nb8 19. Nbd4 c5 20. Nf5 Nc6 21. h4 Qb7 22. h5 Bf8 23. Qe2 Re8 24. Bc1 Rad8 25. Nh2 d4 26. Qg4 Kh8 27. Nf3 h6 28. Qe4 Qd7 29. N3h4 Qd5 30. Qxd5 Rxd5 31. f4 Red8 32. Kf2 dxc3 33. Rxd5 Rxd5 34. bxc3 c4 35. Ng2 Rd3 36. Re3 Bc5 37. Ke2 Bxe3 38. Ngxe3 Rxc3 39. Bd2 Ncd4+ 40. Kd1 Rd3 41. Nxd4 Nxd4 42. Nd5 Nf3 0-1

[Event "Titled Tuesday intern op 11th Mar Late"]
[Site "Chess.com INT"]
[Date "2025.03.11"]
[Round "3"]
[White "Klukin, Kirill"]
[Black "Atis, Hasan"]
[Result "1-0"]
[WhiteElo "2430"]
[BlackElo "2088"]
[PlyCount "39"]
[EventDate "2025.03.11"]
[EventType "swiss (blitz)"]
[EventRounds "11"]
[EventCountry "USA"]
[SourceTitle "CB12_2025"]
[SourceDate "2025.03.19"]
[SourceVersion "1"]
[SourceVersionDate "2025.03.19"]
[SourceQuality "1"]

1. d4 Nf6 2. Nf3 e6 3. e3 d5 4. Bd3 Nbd7 5. 0-0 Be7 6. b3 0-0 7. Bb2 c5 8. Nbd2 Re8 9. Ne5 g6 10. f4 Qc7 11. Qe2 Nf8 12. Ndf3 Bd7 13. Ng5 b5 14. dxc5 Bxc5 15. Nexf7 Be7 16. Nh6+ Kg7 17. Ng4 h6 18. Qf2 Qd8 19. Qh4 h5 20. Ne5 1-0

[Event "Titled Tuesday intern op 11th Mar Late"]
[Site "Chess.com INT"]
[Date "2025.03.11"]
[Round "1"]
[White "Maghsoodloo, Parham"]
[Black "Atis, Hasan"]
[Result "1-0"]
[WhiteElo "2677"]
[BlackElo "2088"]
[PlyCount "41"]
[EventDate "2025.03.11"]
[EventType "swiss (blitz)"]
[EventRounds "11"]
[EventCountry "USA"]
[SourceTitle "CB12_2025"]
[SourceDate "2025.03.19"]
[SourceVersion "1"]
[SourceVersionDate "2025.03.19"]
[SourceQuality "1"]

1. c4 c6 2. Nf3 d5 3. d4 Nf6 4. e3 e6 5. Nbd2 Nbd7 6. b3 b6 7. Bb2 Bb7 8. g3 Bd6 9. Bg2 0-0 10. 0-0 Re8 11. Rc1 Rc8 12. Ne5 Bf8 13. f4 Nxe5 14. fxe5 Nd7 15. e4 dxc4 16. Nxc4 b5 17. Nd6 Bxd6 18. exd6 c5 19. dxc5 Rxc5 20. Rxc5 Nxc5 21. Qd4 1-0

[Event "Titled Tuesday intern op 04th Mar Early"]
[Site "Chess.com INT"]
[Date "2025.03.04"]
[Round "5"]
[White "Rosen, Eric S"]
[Black "Atis, Hasan"]
[Result "1-0"]
[WhiteElo "2377"]
[BlackElo "2088"]
[PlyCount "21"]
[EventDate "2025.03.04"]
[EventType "swiss (blitz)"]
[EventRounds "11"]
[EventCountry "USA"]
[SourceTitle "CB11_2025"]
[SourceDate "2025.03.12"]
[SourceVersion "1"]
[SourceVersionDate "2025.03.12"]
[SourceQuality "1"]

1. d4 Nf6 2. Bf4 d5 3. Nf3 c5 4. e3 e6 5. Nbd2 Bd6 6. Bb5+ Nc6 7. Bg3 0-0 8. c3 a6 9. Bxc6 bxc6 10. Qa4 Bd7 11. Bxd6 1-0

[Event "Titled Tuesday intern op 11th Feb Early"]
[Site "Chess.com INT"]
[Date "2025.02.11"]
[Round "10"]
[White "Atis, Hasan"]
[Black "Oleksienko, Mikhailo"]
[Result "0-1"]
[WhiteElo "2102"]
[BlackElo "2569"]
[PlyCount "102"]
[EventDate "2025.02.11"]
[EventType "swiss (blitz)"]
[EventRounds "11"]
[EventCountry "USA"]
[SourceTitle "CB08_2025"]
[SourceDate "2025.02.19"]
[SourceVersion "1"]
[SourceVersionDate "2025.02.19"]
[SourceQuality "1"]

1. e4 c5 2. Nf3 e6 3. d4 cxd4 4. Nxd4 a6 5. Nc3 b5 6. Bd3 Qb6 7. Nf3 Qc7 8. 0-0 Bb7 9. Re1 Be7 10. e5 f5 11. Nd4 g6 12. a4 b4 13. Na2 Nc6 14. Nxc6 Qxc6 15. Bf1 h5 16. c3 bxc3 17. Nxc3 Nh6 18. Bxh6 Rxh6 19. Rc1 Qb6 20. Qd2 Rh7 21. Rc2 h4 22. h3 Bb4 23. Qg5 Kf7 24. Rd1 Bc6 25. Ne2 Be7 26. Rxc6 Qxc6 27. Qf4 g5 28. Qd4 Rb8 29. Rc1 Qb6 30. Qxd7 Rb7 31. Qc8 Rb8 32. Qd7 Qb7 33. Rc7 Qb4 34. Rc6 Rh6 35. Nc3 Rd8 36. Qa7 Qxb2 37. Rc7 Re8 38. Qxa6 g4 39. hxg4 fxg4 40. Qc4 g3 41. fxg3 hxg3 42. Qf4+ Kg7 43. Qxg3+ Rg6 44. Qe3 Kg8 45. Nb5 Rg7 46. Qe4 Rf8 47. Rc2 Qb1 48. Qe2 Rxf1+ 49. Qxf1 Qxc2 50. Nd6 Qc5+ 51. Qf2 Qxf2+ 0-1

[Event "Titled Tuesday intern op 11th Feb Early"]
[Site "Chess.com INT"]
[Date "2025.02.11"]
[Round "7"]
[White "Safarullakhan, Safin"]
[Black "Atis, Hasan"]
[Result "0-1"]
[WhiteElo "2075"]
[BlackElo "2102"]
[PlyCount "86"]
[EventDate "2025.02.11"]
[EventType "swiss (blitz)"]
[EventRounds "11"]
[EventCountry "USA"]
[SourceTitle "CB08_2025"]
[SourceDate "2025.02.19"]
[SourceVersion "1"]
[SourceVersionDate "2025.02.19"]
[SourceQuality "1"]

1. e4 c5 2. Nf3 e6 3. d4 cxd4 4. Nxd4 Nc6 5. Nc3 Nf6 6. g3 Qc7 7. Bg2 a6 8. 0-0 h5 9. h3 Bc5 10. Be3 Ne5 11. a4 Nc4 12. Ndb5 axb5 13. Nxb5 Qc6 14. e5 Nxe3 15. fxe3 Qb6 16. exf6 g6 17. Kh1 d6 18. c3 d5 19. b4 Bxe3 20. Qe2 Bd7 21. Rfe1 Bf2 22. Red1 Bxg3 23. Rxd5 Bc6 24. a5 Bxd5 25. Bxd5 Qd8 26. Bxe6 0-0 27. Qe4 Qxf6 28. Bc4 h4 29. Rf1 Qg7 30. Nd4 Rae8 31. Qg4 Kh7 32. Bd3 f5 33. Qf3 Qe5 34. Nc2 Kg7 35. Qxb7+ Re7 36. Qf3 Qxc3 37. a6 Rfe8 38. a7 Rxa7 39. Rd1 Rae7 40. Qg2 Rd7 41. Be2 Rxd1+ 42. Bxd1 Rd8 43. Qb7+ Kh6 0-1

[Event "Titled Tuesday intern op 11th Feb Early"]
[Site "Chess.com INT"]
[Date "2025.02.11"]
[Round "8"]
[White "Sahib, Singh"]
[Black "Atis, Hasan"]
[Result "1-0"]
[WhiteElo "2430"]
[BlackElo "2102"]
[PlyCount "41"]
[EventDate "2025.02.11"]
[EventType "swiss (blitz)"]
[EventRounds "11"]
[EventCountry "USA"]
[SourceTitle "CB08_2025"]
[SourceDate "2025.02.19"]
[SourceVersion "1"]
[SourceVersionDate "2025.02.19"]
[SourceQuality "1"]

1. e4 c5 2. Nf3 Nc6 3. d4 cxd4 4. Nxd4 e6 5. Nc3 Qc7 6. g3 Nf6 7. Bg2 a6 8. 0-0 h5 9. h3 Bc5 10. Be3 Ne5 11. b3 Ba7 12. Qd2 d6 13. f4 Ng6 14. Nde2 b5 15. e5 Nd5 16. Nxd5 exd5 17. exd6 Qxd6 18. Bxd5 Be6 19. c4 bxc4 20. bxc4 0-0-0 21. Bxa7 1-0

[Event "Titled Tuesday intern op 04th Feb Early"]
[Site "Chess.com INT"]
[Date "2025.02.04"]
[Round "1"]
[White "Aravindh, Chithambaram VR"]
[Black "Atis, Hasan"]
[Result "1-0"]
[WhiteElo "2729"]
[BlackElo "2102"]
[PlyCount "51"]
[EventDate "2025.02.04"]
[EventType "swiss (blitz)"]
[EventRounds "11"]
[EventCountry "USA"]
[SourceTitle "CB07_2025"]
[SourceDate "2025.02.12"]
[SourceVersion "1"]
[SourceVersionDate "2025.02.12"]
[SourceQuality "1"]

1. g3 d5 2. Bg2 Nf6 3. d3 e5 4. Nf3 Bd6 5. 0-0 0-0 6. Bg5 h6 7. Bxf6 Qxf6 8. Nc3 c6 9. e4 dxe4 10. Nxe4 Qd8 11. Nxd6 Qxd6 12. Re1 Re8 13. d4 Bg4 14. dxe5 Qxd1 15. Raxd1 Nd7 16. h3 Bxf3 17. Rxd7 Bxg2 18. Kxg2 Rab8 19. f4 Kf8 20. Red1 g5 21. Kf3 Kg7 22. Ke4 Kg6 23. f5+ Kg7 24. e6 Rf8 25. Ke5 Rbe8 26. Rxb7 1-0